000 00842nam a2200241 a 4500
005 20170216165315.0
008 160217b2010 ck o|||fr |||a00| 0 spa d
020 _a9789588332376
040 _aCO-BoIAVH
_cCO-BoIAVH
041 _aspa
044 _ack
082 0 4 _a597.8
_bC27l
100 1 _aCastro Herrera, Fernando
_eautor
245 1 0 _aLibro rojo de los anfibios del Valle del Cauca
260 _aCali:
_bCorporación Autónoma Regional del Valle del Cauca,
_c2010
300 _a200 p.
_bfotografías a color, tablas, mapas
650 6 _aAnfibios
_xhistoria
_zColombia
650 6 _aAnfibios
_xClasificación
_zColombia
650 6 _aAnfibios
_xDistribución geográfica
_zColombia
650 6 _aAnfibios
_xespecies amenazadas
700 _aBolivar García, Wilmar
_eautor
942 _cLIBRO
_2ddc
999 _c19333
_d19333